Statistics for Presidents From Best To Worst

Click here to take the quiz!

General Stats

  • This quiz has been taken 152 times
  • The average score is 22 of 43

Answer Stats

#Answer% Correct
1Abraham Lincoln
98%
2George Washington
94%
3Franklin D. Roosevelt
87%
4Theodore Roosevelt
76%
7Thomas Jefferson
65%
5Dwight D. Eisenhower
63%
6Harry Truman
63%
8John F. Kennedy
58%
9Ronald Reagan
57%
10Lyndon B. Johnson
56%
12Barack Obama
53%
43James Buchanan
53%
33George W. Bush
51%
42Andrew Johnson
50%
15Bill Clinton
50%
20George H.W. Bush
50%
11Woodrow Wilson
50%
13James Monroe
49%
36Herbert Hoover
48%
28Richard Nixon
48%
38William Henry Harrison
48%
41Franklin Pierce
47%
39John Tyler
47%
40Warren G. Harding
47%
17James Madison
46%
26Jimmy Carter
46%
19John Adams
46%
25Gerald Ford
45%
34Martin Van Buren
45%
18Andrew Jackson
44%
27Calvin Coolidge
44%
37Millard Fillmore
43%
22Ulysses S. Grant
43%
23Grover Cleveland
42%
14James K. Polk
42%
24William Howard Taft
42%
30Benjamin Harrison
41%
21John Quincy Adams
41%
16William McKinley
41%
31Zachary Taylor
41%
35Chester A. Arthur
40%
29James A. Garfield
40%
32Rutherford B. Hayes
40%

Score Distribution

Percentile by Number Answered

Percent of People with Each Score

Your Score History

You have not taken this quiz